000 00409nam a2200169Ia 4500
008 230524s9999 xx 000 0 und d
020 _a0314066756
082 _a621.381
_bYAR
100 _aJohn M.Yarbrough
245 0 _aDigital logic Applications & Design
250 _a3RD
260 _aNEW DELHI
_bVikas
_c2002
300 _a698
500 _aQuantity Number: 2
650 _aElectronics
942 _cBK
999 _c7850
_d7850